000 00367nam a22001217a 4500
040 _cSY
082 _a379
100 _aសួន សេង
245 _aStudyf on watermelon production in prey veng province, ការសិក្សាដំណាំឪឡឹកខេត្តព្រៃវែង
260 _aRUA
_bសួន
_c1998
300 _a31p.
942 _cKB
999 _c9554
_d9554